| 000 | 00507nam a22001577a 4500 | ||
|---|---|---|---|
| 999 |
_c9232 _d9232 |
||
| 008 | 210330b ||||| |||| 00| 0 eng d | ||
| 040 | _aBMS College of Architecture | ||
| 100 | _aKumar, V, Rakesh | ||
| 245 | _aCorporate facility for multimedia design at Bidadi Bangalore | ||
| 300 | _a37p. | ||
| 500 | _a1BMO2AT035 | ||
| 502 |
_8B.Arch _NBMS College of Architecture, Visvesvaraya Technological University _aProject report _d2006 |
||
| 650 | _aBidadi | ||
| 700 |
_aRajan Sridhar _eGuide |
||
| 942 |
_2ddc _cTHE |
||